000 00791nam a2200253 i 4500
001 53857
003 ES-MaACL
005 20240420063023.0
007 t|
008 031114s2001 sp ||||0| spa d
020 _a84-95498-40-5
040 _aM-BN
_bspa
_cM-BN
080 _a821.134.2-14"19"
080 _a821.134.2-34"19"
100 0 _aMartínez Torrón, Diego,
_d1950-
_978451
245 1 3 _aEl palacio de la sabiduría /
_cDiego Martínez Torrón ; prólogo de Jaime Siles.
260 _aMadrid :
_bSIAL,
_c[2001]
300 _a124 p ;
_c21 cm.
490 1 _aContrapunto ;
_v31
700 1 _aSiles, Jaime,
_d1951-
_9106338
830 0 _aContrapunto ;
_v31
_9176671
852 _aES-MaACL
_jL-26651
_bR.132212
_q. - Ded. autog. del autor
999 _c53857
_d53857